01143cam a22003131 4500001001300000003000400013005001700017008004100034010001700075035001900092040005000111042001200161043001200173050002200185051002400207082001100231100003100242245005700273260002000330300004200350490010200392500009300494504002500587650004000612651002800652810006300680810006900743999001700812gs 46000018 DLC20260227111351.0770207s1945 miuab b s000 0 eng c ags 46000018  a(OCoLC)2722941 aU.S. Geol. Survey. LibrarycInMuBdInMuBdDLC apremarc an-us-mi00aQE125b.A4 no. 36 aQE126.M3bS8 Copy 2 a557.741 aStanley, George M.,d1905-10aPre-historic Mackinac Island,cby George M. Stanley. aLansing,c1945. a74 p.billus., maps (1 fold.)c24 cm.1 aMichigan. Dept. of Conservation. Geological Survey Division. Publication 43; Geological series 36 a"Published as a part of the Biennial report of the Geological Survey Division for 1944." aBibliography: p. 74. 0aGeologyzMichiganzMackinac Island. 0aMackinac Island (Mich.)1 aMichigan.bGeological Survey Division.tPublication ;v43.1 aMichigan.bGeological Survey Division.tGeological series ;v36. c28055d28055